Political analysis : (Record no. 53494)

MARC details
000 -LEADER
campo de control de longitud fija 03570cam a2200253 4500
001 - NÚMERO DE CONTROL
campo de control 17860
005 - FECHA Y HORA DE LA ÚLTIMA TRANSACCIÓN
campo de control 20230410120853.0
008 - DATOS DE LONGITUD FIJA--INFORMACIÓN GENERAL
campo de control de longitud fija 060907n2002 nyu eng
020 ## - NÚMERO INTERNACIONAL ESTÁNDAR DEL LIBRO
Número Internacional Estándar del Libro 0333750020 (hbk.)
020 ## - NÚMERO INTERNACIONAL ESTÁNDAR DEL LIBRO
Número Internacional Estándar del Libro 0333750039 (pbk.)
035 ## - NÚMERO DE CONTROL DEL SISTEMA
-- funglode18001
041 ## - CÓDIGO DE IDIOMA
Código de lengua del texto/banda sonora o título independiente eng
050 14 - SIGNATURA TOPOGRÁFICA DE LA BIBLIOTECA DEL CONGRESO
Número de clasificación JA 71
Número de ítem H412p 2002
082 00 - NÚMERO DE LA CLASIFICACIÓN DECIMAL DEWEY
Número de clasificación 320
Número de edición 21
100 1# - ENTRADA PRINCIPAL--NOMBRE DE PERSONA
Nombre de persona Hay, Colin
245 10 - MENCIÓN DEL TÍTULO
Título Political analysis :
Resto del título a critical introduction /
Mención de responsabilidad, etc. Colin Hay
260 ## - PUBLICACIÓN, DISTRIBUCIÓN, ETC.
Lugar de publicación, distribución, etc. New York :
Nombre del editor, distribuidor, etc. Palgrave,
Fecha de publicación, distribución, etc. 2002
300 ## - DESCRIPCIÓN FÍSICA
Extensión xiii, 314 p. :
Otras características físicas ill. ;
Dimensiones 24 cm.
505 8# - NOTA DE CONTENIDO CON FORMATO
Nota de contenido con formato Machine generated contents note: 1 Analytical Perspectives, Analytical Controversies -- The scope and limits of political analysis -- Analytical perspectives, analytical choices, analytical controversies -- Mapping the political science mainstream -- Mapping the mainstream in international relations -- Analytical strategies in contemporary political science and international relations -- The parsimony versus complexity trade-off -- The role for and the nature of theory in political analysis -- Context and conduct: dealing with the 'problem' of agency -- The structure of the book --2 What's 'Political' About Political Science? -- Ontology and epistemology: the 'political question' and the 'science' question -- Specifying and respecifying the political -- The nature of politics, the nature of the political -- Science, politics and ethics -- The retreat from positivism -- Conclusion the limits of political science and the ethics of political analysis --3 Beyond Structure versus Agency, Context versus Conduct -- What is - and what is not - at stake in the structure- agency debate? -- Conceptualising structure and agency -- Operationalising structure and agency: the rise of fascism in Germany in the 1930s -- Positions in the structure-agency debate -- The centrality of structure and agency to political explanation -- Beyond structure versus agency --4 Continuity and Discontinuity in the Analysis of Political Change -- Time for change? -- Analytical strategies for conceptualising change -- Time, timing and temporality -- Conclusion: structural, agential and ideational factors in the analysis of political change --5 Divided by a Common Language? -- Conceptualising Power -- The 'faces of power' controversy -- Power: analytical and critical perspectives -- Foucault and the 'microphysics of power' --6 The Discursive and the Ideational in Contemporary -- Political Analysis: Beyond Materialism and Idealism -- The space for ideas in political analysis -- Constructivism in and beyond international relations theory -- The difference that ideas (can) make -- Structure, agency and ideas -- Conclusion: paradigms and paradigm shifts --7 The Challenge of Postmodernism -- Modernism and postmodernism as aesthetic sensibilities -- Postmodernism as an intellectual sensibility -- The contribution of postmodernism to political analysis -- The postmodernist challenge to (critical) political analysis -- In defence of critical political analysis: resisting postmodernism's vow of silence -- Conclusion: Critical-Political-Analytical -- Empirical but not empiricist -- Structure and agency -- An inclusive and post-disciplinary conception of political analysis -- The causal and constitutive role of ideas -- The contingency of political processes.
650 #0 - PUNTO DE ACCESO ADICIONAL DE MATERIA--TÉRMINO DE MATERIA
Término de materia o nombre geográfico como elemento de entrada Political science.
856 42 - LOCALIZACIÓN Y ACCESO ELECTRÓNICOS
Materiales especificados Contributor biographical information
Identificador Uniforme de Recursos <a href="http://www.loc.gov/catdir/bios/hol051/2002020889.html">http://www.loc.gov/catdir/bios/hol051/2002020889.html</a>
856 42 - LOCALIZACIÓN Y ACCESO ELECTRÓNICOS
Materiales especificados Publisher description
Identificador Uniforme de Recursos <a href="http://www.loc.gov/catdir/description/hol031/2002020889.html">http://www.loc.gov/catdir/description/hol031/2002020889.html</a>
942 ## - ELEMENTOS DE ENTRADA SECUNDARIOS (KOHA)
Fuente del sistema de clasificación o colocación Clasificación de Library of Congress
Tipo de ítem Koha
Holdings
Estatus retirado Estado de pérdida Fuente del sistema de clasificación o colocación Estado de daño No para préstamo Colección Biblioteca de origen Biblioteca actual Ubicación en estantería Fecha de adquisición Serial enumeration / chronology Signatura topográfica completa Código de barras Visto por última vez Copia número Tipo de ítem Koha
    Clasificación de Library of Congress     Ciencias Sociales Biblioteca Juan Bosch Biblioteca Juan Bosch Ciencias Sociales (3er. Piso) 24/10/2018 1 JA 71 H412p 2002 00000015642 24/10/2018 1